<?xml version="1.0" encoding="UTF-8"?>
<marc:record xmlns:marc="http://www.loc.gov/MARC21/slim">
   <marc:leader>00000nam a2200000 a 4500</marc:leader>
   <marc:datafield ind1="1" ind2=" " tag="100">
      <marc:subfield code="a">Osborne, Mary Pope</marc:subfield>
      <marc:subfield code="4">aut</marc:subfield>
      <marc:subfield code="e">Verfasser/-in</marc:subfield>
   </marc:datafield>
   <marc:datafield ind1=" " ind2=" " tag="653">
      <marc:subfield code="a">Antolin</marc:subfield>
   </marc:datafield>
   <marc:datafield ind1=" " ind2=" " tag="653">
      <marc:subfield code="a">Klasse-3</marc:subfield>
   </marc:datafield>
   <marc:datafield ind1="0" ind2="0" tag="245">
      <marc:subfield code="a">Das verborgene Reich der Pinguine</marc:subfield>
   </marc:datafield>
   <marc:datafield ind1="0" ind2="0" tag="245">
      <marc:subfield code="b">Band 38</marc:subfield>
   </marc:datafield>
   <marc:datafield ind1=" " ind2="1" tag="264">
      <marc:subfield code="b">Loewe</marc:subfield>
      <marc:subfield code="c">2009</marc:subfield>
   </marc:datafield>
   <marc:datafield ind1="1" ind2=" " tag="490">
      <marc:subfield code="a">Das magische Baumhaus</marc:subfield>
   </marc:datafield>
   <marc:datafield ind1="1" ind2=" " tag="520">
      <marc:subfield code="a">Nun geht es um alles - es gilt, dem Zauberer Merlin zu helfen! (ab 8) (JE) Das Baumhaus ist aufgetaucht und nun haben die Geschwister Anne und Philipp wieder eine wichtige Mission zu erfüllen. Sie müssen jenen Gegenstand ausfindig machen, mit dem sie Merlin von seiner unendlichen Schwermut befreien können. Diesmal versetzt sie das Baumhaus in die Antarktis, wo sie sogleich einem Pinguin-Baby das Leben retten. Das hat Auswirkungen, als sie später in das Reich der Pinguine gelangen. Ob das aber auch Merlin helfen wird? Notizen von Philipp sorgen für eine spannende Aufbereitung von Informationen über die Antarktis, hinzu kommt ein entzückendes Pinguinkind, das der Geschichte einen sehr lieblichen Beigeschmack verleiht. Ebenso empfehlenswert wie die vorhergehenden Bände. *bn* Rebecca Englert</marc:subfield>
   </marc:datafield>
   <marc:datafield ind1=" " ind2=" " tag="020">
      <marc:subfield code="a">9783785563236</marc:subfield>
      <marc:subfield code="9">9783785563236</marc:subfield>
   </marc:datafield>
</marc:record>
